| 000 | 01048cam a22002894a 4500 | ||
|---|---|---|---|
| 005 | 20230616111101.0 | ||
| 008 | 020109s2002 maua 001 0 eng | ||
| 010 | _a 2002016518 | ||
| 020 | _a0071131507 (international : alk. paper) | ||
| 040 |
_aDLC _cDLC _dDLC |
||
| 042 | _apcc | ||
| 050 | 0 | 0 | _b.O443 2002 |
| 082 | 0 | 0 |
_a004 _221 _bLEA-C |
| 100 | 1 |
_aO'Leary, Timothy J., _d1947- |
|
| 245 | 1 | 0 |
_aComputing essentials, 2002-2003 / _cTimothy J. O'Leary, Linda I. O'Leary. |
| 246 | 1 | 4 | _a2002-2003 computing essentials |
| 250 | _aIntroductory ed. | ||
| 260 |
_aBoston : _bMcGraw-Hill Irwin, _cc2002. |
||
| 300 |
_a1 v. (various pagings) : _bcol. ill. ; _c28 cm. |
||
| 500 | _aIncludes index. | ||
| 650 | 0 | _aComputers. | |
| 650 | 0 | _aElectronic data processing. | |
| 700 | 1 | _aO'Leary, Linda I. | |
| 906 |
_a7 _bcbc _corignew _d1 _eocip _f20 _gy-gencatlg |
||
| 999 |
_c18763 _d18763 |
||